000 00842nam a2200241 a 4500
001 BRL_1036
005 20190320211015.0
008 051113s1976----mx-a######---#000-0#spa-#
041 _aspa
044 _amx
050 4 _aGR115
_b.M64 1976
100 1 _aMoedano N., Gabriel
_925640
245 1 0 _aLa Vida y la obra de Vicente T. Mendoza, 1894-1964
_cGabriel Moedano N.
260 _aMéxico
_bSEP : Departamento de investigación de las tradicciones populares, Dirección Generla de Arte Popular
_c1976
300 _a91 p.
_bil.
_c22 cm.
440 0 _aEstudios de Folklore y de Arte Popular
_v1
_925641
500 _aAu1187
504 _aBibliografía: p. 78-91
600 1 4 _aMendoza, Vicente T.
_d1894-1964
_xCrítica e interpretación
_925642
650 1 4 _aFolclore
_xHistoria y crítica
_zMéxico
_925643
902 _aGRL
942 _2lcc
_cB
999 _c9848
_d9848